Statistiken für Länder des Südchinesischen Meeres

Klicken Sie hier um das Quiz zu spielen!

Allgemein

  • Dieses Quiz wurde 1.047 mal gespielt
  • Das Durchschnittsergebnis liegt bei 7 aus 8

Antwortstatistiken

Land% Korrekt
China
96%
Indonesien
94%
Vietnam
94%
Malaysia
92%
Taiwan
92%
Philippinen
91%
Singapur
84%
Brunei
82%

Verteilung der Resultate

Perzentil nach korrekt beantworteten Fragen

Anzahl Personen mit jedem Resultat

Ihre Resultats-Entwicklung

Sie haben dieses Quiz noch nicht gespielt